[Event "XXXV Festival Conca della Presolana Magistrale"]
[Site "Castione della Presolana ITA"]
[Date "2015.08.29"]
[Round "8"]
[White "Negro, Roberto"]
[Black "Ottavi, Marco"]
[WhiteElo "2169"]
[BlackElo "1991"]
[Result "1-0"]
[PlyCount "59"]
[EventDate "2015.08.22"]

1. c4 e5 2. g3 Nc6 3. Nc3 f5 4. Bg2 Bb4 5. Nd5 Nf6 6. a3 Be7 7. d3 a5 8. e3 O-O
9. Ne2 d6 10. Bd2 e4 11. Nxe7+ Qxe7 12. d4 a4 13. h4 Bd7 14. Rc1 Na5 15. Bxa5
Rxa5 16. Nf4 Qf7 17. Qd2 b6 18. Bf1 Kh8 19. Be2 Rfa8 20. Kf1 R8a7 21. Kg2 c5
22. Rhd1 Bc6 23. dxc5 dxc5 24. Qd8+ Ng8 25. h5 Qc7 26. Qh4 Ra8 27. Rd2 Rc8 28.
Rcd1 Raa8 29. Rd6 Be8 30. Qh3 1-0

[Event "XXXV Festival Conca della Presolana Magistrale"]
[Site "Castione della Presolana ITA"]
[Date "2015.08.29"]
[Round "8"]
[White "Orlov, Andrey"]
[Black "Madiai, Federico"]
[WhiteElo "2489"]
[BlackElo "2227"]
[Result "1-0"]
[PlyCount "69"]
[EventDate "2015.08.22"]

1. e4 c5 2. Nf3 Nc6 3. Bb5 Nf6 4. Bxc6 dxc6 5. d3 Nd7 6. e5 Nb6 7. Nbd2 Bf5 8.
O-O e6 9. b3 Be7 10. Bb2 O-O 11. Re1 Nd5 12. Ne4 a5 13. a4 Bg6 14. Nfd2 b5 15.
Qe2 Qb6 16. Qg4 Rfd8 17. Qg3 Nb4 18. Rec1 Ra7 19. h4 Kf8 20. Nd6 Rad7 21. N2e4
Bxd6 22. Nxd6 h5 23. Qg5 Ra8 24. g4 Qd8 25. gxh5 Qxg5+ 26. hxg5 Bxh5 27. axb5
cxb5 28. Nxb5 Bf3 29. Kh2 Ke7 30. Kg3 Bc6 31. Nd6 Rda7 32. d4 a4 33. Ra3 axb3
34. Rxa7+ Rxa7 35. Nc8+ 1-0

[Event "XXXV Festival Conca della Presolana Magistrale"]
[Site "Castione della Presolana ITA"]
[Date "2015.08.29"]
[Round "8"]
[White "Qendro, Llambi"]
[Black "Hunt, Adam C."]
[WhiteElo "2338"]
[BlackElo "2427"]
[Result "1/2-1/2"]
[PlyCount "40"]
[EventDate "2015.08.22"]

1. d4 Nf6 2. c4 g6 3. Nc3 d5 4. Nf3 Bg7 5. Bg5 Ne4 6. Bf4 Nxc3 7. bxc3 dxc4 8.
Qa4+ Nd7 9. Qxc4 c5 10. e4 O-O 11. Be2 Qa5 12. O-O Nb6 13. Qb5 Qxb5 14. Bxb5
cxd4 15. cxd4 Be6 16. Rac1 Rfc8 17. d5 Bd7 18. Bxd7 Nxd7 19. Be3 Nf6 20. Nd2
Ng4 1/2-1/2

[Event "XXXV Festival Conca della Presolana Magistrale"]
[Site "Castione della Presolana ITA"]
[Date "2015.08.29"]
[Round "8"]
[White "Ranfagni, Stefano"]
[Black "Franciosi, Fausto"]
[WhiteElo "1970"]
[BlackElo "2139"]
[Result "0-1"]
[PlyCount "70"]
[EventDate "2015.08.22"]

1. c4 Nf6 2. Nc3 g6 3. g3 Bg7 4. Bg2 O-O 5. e4 d6 6. Nge2 c5 7. O-O Nc6 8. d3
Rb8 9. h3 Ne8 10. f4 Nc7 11. Be3 Nd4 12. Qd2 b5 13. Bxd4 cxd4 14. Nxb5 Nxb5 15.
cxb5 Rxb5 16. a4 Rb3 17. Nc1 Rb8 18. b4 Qb6 19. Na2 a6 20. Rfb1 Bd7 21. Nc1
Rfc8 22. Ne2 h5 23. Kh2 Kh7 24. h4 e5 25. Bh3 Qd8 26. Bxd7 Qxd7 27. Qa2 d5 28.
exd5 e4 29. Nc1 Rc3 30. Rb3 Rbc8 31. Rxc3 Rxc3 32. dxe4 Qc8 33. Kg1 Rxc1+ 34.
Rxc1 Qxc1+ 35. Kg2 d3 0-1

[Event "XXXV Festival Conca della Presolana Magistrale"]
[Site "Castione della Presolana ITA"]
[Date "2015.08.29"]
[Round "8"]
[White "Ricci, Marco"]
[Black "Bargeri, Ludovico"]
[WhiteElo "2040"]
[BlackElo "2092"]
[Result "1/2-1/2"]
[PlyCount "51"]
[EventDate "2015.08.22"]

1. e4 e6 2. d4 d5 3. Nd2 Nf6 4. e5 Nfd7 5. Bd3 c5 6. c3 Nc6 7. Ne2 cxd4 8. cxd4
f6 9. exf6 Nxf6 10. O-O Bd6 11. Nf3 O-O 12. Bg5 Qc7 13. Bh4 Nh5 14. Rc1 Rxf3
15. gxf3 Bxh2+ 16. Kg2 Nf4+ 17. Kxh2 Nxe2+ 18. Bg3 Nxg3 19. fxg3 Qb6 20. Qd2
Bd7 21. Rcd1 Rf8 22. Kg2 h6 23. Bb1 Rf6 24. Rh1 Ne7 25. Rc1 Nc6 26. Rcd1
1/2-1/2

[Event "XXXV Festival Conca della Presolana Magistrale"]
[Site "Castione della Presolana ITA"]
[Date "2015.08.29"]
[Round "8"]
[White "Vuelban, Virgilio"]
[Black "Sulava, Nenad"]
[WhiteElo "2349"]
[BlackElo "2442"]
[Result "0-1"]
[PlyCount "78"]
[EventDate "2015.08.22"]

1. e4 c5 2. Nf3 e6 3. c3 Nf6 4. e5 Nd5 5. d4 cxd4 6. cxd4 d6 7. a3 Nd7 8. Nbd2
dxe5 9. Nxe5 Nxe5 10. dxe5 Bd7 11. Nf3 Qb6 12. Bd3 Bb5 13. O-O Be7 14. Bxb5+
Qxb5 15. Nd4 Qd7 16. Qg4 Kf8 17. Be3 h5 18. Qe4 g6 19. Rad1 Kg7 20. Nf3 Rhc8
21. Ng5 Qb5 22. Qf3 Rf8 23. Bc1 Rac8 24. Ne4 Rc2 25. Rfe1 a5 26. Nd6 Qc6 27.
Qg3 b5 28. h3 b4 29. a4 Bxd6 30. exd6 Qxa4 31. Qe5+ Kh7 32. Rxd5 exd5 33. Qe7
Rcc8 34. b3 Qc6 35. d7 Rcd8 36. Bb2 Qxd7 37. Qf6 d4 38. Re7 Qf5 39. Bxd4 Qxf6
0-1

[Event "XXXV Festival Conca della Presolana Magistrale"]
[Site "Castione della Presolana ITA"]
[Date "2015.08.30"]
[Round "9"]
[White "Bargeri, Ludovico"]
[Black "Coppola, Federico"]
[WhiteElo "2092"]
[BlackElo "2092"]
[Result "1-0"]
[PlyCount "79"]
[EventDate "2015.08.22"]

1. b3 e5 2. Bb2 d6 3. e3 Nf6 4. Nf3 h6 5. d4 exd4 6. Nxd4 Nbd7 7. Be2 Be7 8.
O-O O-O 9. c4 Re8 10. Nc3 Bf8 11. Qc2 Ne5 12. Rad1 Bd7 13. h3 Qc8 14. Kh2 c6
15. f4 Ng6 16. e4 a6 17. Ba3 b5 18. Nf5 c5 19. Nd5 Nxd5 20. cxd5 Bxf5 21. exf5
Ne7 22. g4 Qd7 23. Bb2 Rac8 24. f6 Ng6 25. Bd3 c4 26. Bf5 cxb3 27. Qf2 Qb7 28.
Bxc8 Rxc8 29. axb3 gxf6 30. Bxf6 Rc5 31. h4 Rxd5 32. Qg2 Rxd1 33. Qxb7 Rxf1 34.
f5 Nf4 35. g5 hxg5 36. hxg5 Rd1 37. Qf3 Rd2+ 38. Kh1 Ne2 39. Qe3 Rc2 40. g6 1-0

[Event "XXXV Festival Conca della Presolana Magistrale"]
[Site "Castione della Presolana ITA"]
[Date "2015.08.30"]
[Round "9"]
[White "Bonato, Mariano"]
[Black "Vuelban, Virgilio"]
[WhiteElo "2177"]
[BlackElo "2349"]
[Result "0-1"]
[PlyCount "104"]
[EventDate "2015.08.22"]

1. e4 c5 2. Nf3 d6 3. d4 cxd4 4. Nxd4 Nf6 5. Nc3 Nc6 6. Bc4 e6 7. Be3 Be7 8.
O-O O-O 9. Qe2 a6 10. a4 Qc7 11. f4 Bd7 12. Bb3 Na5 13. Ba2 Rac8 14. f5 e5 15.
Nf3 Nc4 16. Bxc4 Qxc4 17. Qd3 h6 18. h3 Rfe8 19. Nd2 Qxd3 20. cxd3 Bc6 21. d4
exd4 22. Bxd4 Nd7 23. Nf3 Bd8 24. Rfe1 Ba5 25. Nd2 Bb4 26. Re3 Nc5 27. Rg3 f6
28. Bxf6 Rc7 29. Bd4 Nxe4 30. Ndxe4 Bxe4 31. Re1 d5 32. Re2 Bxc3 33. Bxc3 Kh7
34. Rge3 Rec8 35. f6 gxf6 36. Bxf6 Rc1+ 37. Kh2 Ra1 38. Rg3 Rc7 39. a5 Rf7 40.
Bc3 Rd1 41. Be5 Bg6 42. Rf3 Rxf3 43. gxf3 Rd3 44. Bc3 d4 45. Bd2 Rxf3 46. Re7+
Kh8 47. Bxh6 d3 48. Bg7+ Kg8 49. Bc3 d2 50. Rd7 Bd3 51. Rg7+ Kf8 52. Rg1 Bf1
0-1

[Event "XXXV Festival Conca della Presolana Magistrale"]
[Site "Castione della Presolana ITA"]
[Date "2015.08.30"]
[Round "9"]
[White "Bonazzi, Edoardo"]
[Black "Motola, Jacopo"]
[WhiteElo "2113"]
[BlackElo "2061"]
[Result "1-0"]
[PlyCount "81"]
[EventDate "2015.08.22"]

1. c4 c6 2. Nf3 d5 3. g3 Nf6 4. Bg2 dxc4 5. O-O e6 6. a4 Nd5 7. Na3 Bxa3 8.
Rxa3 b5 9. Ra1 Bb7 10. b3 cxb3 11. Qxb3 Qb6 12. Ne5 O-O 13. Ba3 Re8 14. Rab1 a6
15. Rfc1 Rc8 16. Bc5 Qd8 17. d4 Nb6 18. Bxb6 Qxb6 19. e3 Ra7 20. Rc5 h6 21. Be4
Qd8 22. Rbc1 Qd6 23. Qc2 Kf8 24. Bf3 g6 25. h4 h5 26. g4 hxg4 27. Bxg4 Rc7 28.
h5 f5 29. Nxg6+ Ke8 30. Bxf5 Nd7 31. Be4 Nxc5 32. dxc5 Qd8 33. Qc3 Rh7 34. Nf4
Qg5+ 35. Kf1 Rh6 36. Bg6+ Rxg6 37. hxg6 e5 38. Qb3 exf4 39. Qg8+ Ke7 40. Qf7+
Kd8 41. Rd1+ 1-0

[Event "XXXV Festival Conca della Presolana Magistrale"]
[Site "Castione della Presolana ITA"]
[Date "2015.08.30"]
[Round "9"]
[White "Brociner, Beniamino"]
[Black "Corvi, Marco"]
[WhiteElo "2167"]
[BlackElo "2322"]
[Result "1/2-1/2"]
[PlyCount "73"]
[EventDate "2015.08.22"]

1. e4 Nf6 2. e5 Nd5 3. d4 d6 4. c4 Nb6 5. exd6 exd6 6. h3 Be7 7. Nf3 O-O 8. Be2
Re8 9. O-O Bf5 10. Nc3 Bf6 11. Bf4 Nc6 12. Rc1 d5 13. c5 Nc8 14. Qd2 a6 15.
Rfd1 h6 16. Be5 Be4 17. Qf4 Nxe5 18. dxe5 Bxf3 19. Qxf3 Bxe5 20. Nxd5 Qg5 21.
Bc4 Ne7 22. Nxe7+ Rxe7 23. Qxb7 Rae8 24. Bxa6 Qf4 25. g3 Qf6 26. Bf1 Bxb2 27.
Rc2 Bd4 28. Qd5 Qg6 29. Rd3 Be5 30. Rcd2 c6 31. Qf3 f5 32. Rd8 f4 33. Rxe8+
Rxe8 34. Bc4+ Kh8 35. Bd3 Qf6 36. Qe4 g6 37. Qxg6 1/2-1/2

[Event "XXXV Festival Conca della Presolana Magistrale"]
[Site "Castione della Presolana ITA"]
[Date "2015.08.30"]
[Round "9"]
[White "Cocconcelli, Lorenzo"]
[Black "Madiai, Federico"]
[WhiteElo "2139"]
[BlackElo "2227"]
[Result "0-1"]
[PlyCount "50"]
[EventDate "2015.08.22"]

1. d4 Nf6 2. c4 b6 3. f3 Nc6 4. Nc3 e6 5. e4 Bb4 6. Nge2 e5 7. d5 Ne7 8. a3
Bxc3+ 9. Nxc3 d6 10. Bd3 Ng6 11. Ne2 O-O 12. Be3 Nh5 13. Qd2 f5 14. Bg5 Qe8 15.
exf5 Bxf5 16. Bxf5 Rxf5 17. g4 Rxg5 18. Qxg5 Nhf4 19. Qf5 Nxe2 20. Kxe2 Qa4 21.
Qe4 Qb3 22. Kf2 Rf8 23. Rhe1 Nh4 24. Kg1 Nxf3+ 25. Kh1 Nxe1 0-1

[Event "XXXV Festival Conca della Presolana Magistrale"]
[Site "Castione della Presolana ITA"]
[Date "2015.08.30"]
[Round "9"]
[White "Cugini, Verter"]
[Black "Gennari, Jacopo"]
[WhiteElo "2089"]
[BlackElo "2125"]
[Result "0-1"]
[PlyCount "30"]
[EventDate "2015.08.22"]

1. e4 d5 2. exd5 Nf6 3. d4 Nxd5 4. c4 Nb6 5. Nc3 e5 6. Be3 exd4 7. Qxd4 Qxd4 8.
Bxd4 Nc6 9. Be3 Be6 10. b3 O-O-O 11. Nge2 Nb4 12. Rc1 Nd3+ 13. Kd2 Ba3 14. Kc2
Bf5 15. Nb5 Nb4+ 0-1

[Event "XXXV Festival Conca della Presolana Magistrale"]
[Site "Castione della Presolana ITA"]
[Date "2015.08.30"]
[Round "9"]
[White "Ferretti, Folco"]
[Black "Cattaneo, Marco"]
[WhiteElo "2211"]
[BlackElo "2175"]
[Result "0-1"]
[PlyCount "64"]
[EventDate "2015.08.22"]

1. Nf3 Nf6 2. d4 g6 3. Nc3 d5 4. Bf4 Bg7 5. e3 b6 6. Be2 Bb7 7. Ne5 a6 8. Bf3
Nbd7 9. Qd2 Ne4 10. Bxe4 dxe4 11. Nxd7 Qxd7 12. Rd1 O-O-O 13. Qe2 Qf5 14. Qc4
Rd7 15. h3 h5 16. Bh2 e6 17. Rd2 g5 18. Kd1 h4 19. Qe2 Rhd8 20. Kc1 Qa5 21.
Rdd1 b5 22. a3 Bf8 23. Nb1 Bd5 24. Qd2 Qb6 25. Qe2 Kb7 26. Nd2 Qa5 27. f3 Bxa3
28. Nxe4 Bc4 29. Qe1 Bb4 30. c3 Qa1+ 31. Kc2 Bb3+ 32. Kd3 Qxb2 0-1

[Event "XXXV Festival Conca della Presolana Magistrale"]
[Site "Castione della Presolana ITA"]
[Date "2015.08.30"]
[Round "9"]
[White "Giretti Kanev, Jasen"]
[Black "Negro, Roberto"]
[WhiteElo "2211"]
[BlackElo "2169"]
[Result "1/2-1/2"]
[PlyCount "58"]
[EventDate "2015.08.22"]

1. e4 c5 2. Nc3 g6 3. h4 h5 4. Nge2 Nc6 5. d4 cxd4 6. Nxd4 Bg7 7. Be3 Nf6 8. f3
O-O 9. Bc4 Qb6 10. Bb3 Nxe4 11. Nf5 Nxc3 12. Qd2 Qc7 13. Nxg7 Nb5 14. O-O-O Na5
15. Bd5 Nc4 16. Bxc4 Qxc4 17. Bh6 Qxa2 18. Qb4 Nd6 19. Rhe1 Nc4 20. c3 a5 21.
Qb5 Ra6 22. Rd4 Qa1+ 23. Kc2 Qxe1 24. Qxc4 Rc6 25. Qd5 Qe2+ 26. Rd2 Qc4 27. Qe5
Qc5 28. Rd5 Qf2+ 29. Rd2 Qc5 1/2-1/2

[Event "XXXV Festival Conca della Presolana Magistrale"]
[Site "Castione della Presolana ITA"]
[Date "2015.08.30"]
[Round "9"]
[White "Hunt, Adam C."]
[Black "Orlov, Andrey"]
[WhiteElo "2427"]
[BlackElo "2489"]
[Result "1/2-1/2"]
[PlyCount "35"]
[EventDate "2015.08.22"]

1. e4 e5 2. Nf3 Nc6 3. Bb5 a6 4. Ba4 Nge7 5. O-O g6 6. c3 Bg7 7. d4 exd4 8.
cxd4 b5 9. Bb3 O-O 10. Nc3 d6 11. h3 Na5 12. Bc2 Bb7 13. d5 Nc4 14. Rb1 b4 15.
Ne2 c6 16. dxc6 Nxc6 17. Nf4 Rc8 18. Nd5 1/2-1/2

[Event "XXXV Festival Conca della Presolana Magistrale"]
[Site "Castione della Presolana ITA"]
[Date "2015.08.30"]
[Round "9"]
[White "Movsziszian, Karen"]
[Black "Sveshnikov, Vladimir"]
[WhiteElo "2457"]
[BlackElo "2352"]
[Result "0-1"]
[PlyCount "88"]
[EventDate "2015.08.22"]

1. g3 c5 2. Bg2 Nc6 3. d3 g6 4. f4 Bg7 5. Nf3 Nf6 6. O-O O-O 7. e4 d6 8. Nc3
Rb8 9. a4 a6 10. h3 b5 11. axb5 axb5 12. Ne2 Bb7 13. Rb1 b4 14. Be3 Ra8 15. g4
Nd7 16. c3 Qc7 17. Qd2 bxc3 18. bxc3 Ra3 19. Ne1 Ba6 20. Nc2 Ra2 21. Nc1 Ra4
22. Rd1 Rc8 23. Bf2 e6 24. g5 Rb8 25. Rxb8+ Qxb8 26. f5 Nde5 27. f6 Bf8 28. Ne3
Qb6 29. h4 Ra1 30. Kh2 Rb1 31. Kg3 Rb2 32. Qe1 Rb1 33. Bf1 Qb2 34. Be2 Bb5 35.
Nc4 Bxc4 36. dxc4 Qc2 37. Kf4 Na5 38. Bxc5 dxc5 39. Kxe5 Nxc4+ 40. Kf4 Nb2 41.
Rd2 e5+ 42. Kg4 h5+ 43. gxh6 Qxe4+ 44. Kh3 Bxh6 0-1

[Event "XXXV Festival Conca della Presolana Magistrale"]
[Site "Castione della Presolana ITA"]
[Date "2015.08.30"]
[Round "9"]
[White "Ottavi, Marco"]
[Black "Ranfagni, Stefano"]
[WhiteElo "1991"]
[BlackElo "1970"]
[Result "1-0"]
[PlyCount "51"]
[EventDate "2015.08.22"]

1. e4 e6 2. d4 d5 3. Nd2 Nf6 4. e5 Nfd7 5. Bd3 c5 6. c3 Nc6 7. Ne2 cxd4 8. cxd4
f6 9. exf6 Nxf6 10. O-O Bd6 11. Nf3 O-O 12. Bg5 h6 13. Bh4 Qc7 14. Bg3 Nh5 15.
Rc1 Nxg3 16. hxg3 Qf7 17. Nc3 e5 18. dxe5 Nxe5 19. Nxe5 Bxe5 20. Nxd5 Bxb2 21.
Rc7 Qe8 22. Ne7+ Kh8 23. Ng6+ Kg8 24. Qb3+ Rf7 25. Rxf7 Qxf7 26. Bc4 1-0

[Event "XXXV Festival Conca della Presolana Magistrale"]
[Site "Castione della Presolana ITA"]
[Date "2015.08.30"]
[Round "9"]
[White "Ranieri, Fabrizio"]
[Black "Qendro, Llambi"]
[WhiteElo "2256"]
[BlackElo "2338"]
[Result "1/2-1/2"]
[PlyCount "28"]
[EventDate "2015.08.22"]

1. e4 g6 2. d4 Bg7 3. Nc3 c6 4. Be3 d5 5. Qd2 dxe4 6. Nxe4 Nd7 7. Nf3 Ngf6 8.
Ng3 Nd5 9. Bh6 Bxh6 10. Qxh6 Qa5+ 11. c3 N7f6 12. Be2 Bg4 13. O-O Bxf3 14. Bxf3
Qc7 1/2-1/2

[Event "XXXV Festival Conca della Presolana Magistrale"]
[Site "Castione della Presolana ITA"]
[Date "2015.08.30"]
[Round "9"]
[White "Sulava, Nenad"]
[Black "Cebalo, Miso"]
[WhiteElo "2442"]
[BlackElo "2397"]
[Result "0-1"]
[PlyCount "70"]
[EventDate "2015.08.22"]

1. b3 c5 2. Bb2 Nc6 3. e3 d6 4. f4 Nf6 5. Nf3 g6 6. Bb5 Bd7 7. O-O Bg7 8. d3
O-O 9. Nbd2 a6 10. Bxc6 Bxc6 11. Qe1 e6 12. Rb1 b5 13. e4 Rc8 14. Kh1 Ba8 15.
c4 d5 16. cxd5 exd5 17. e5 Nh5 18. f5 d4 19. Ne4 f6 20. fxg6 hxg6 21. exf6 Nxf6
22. Neg5 Qd5 23. Qe6+ Qxe6 24. Nxe6 Rfe8 25. Nxg7 Kxg7 26. b4 Nd5 27. bxc5 Nc3
28. Rbc1 Bxf3 29. Rxf3 Re2 30. Bxc3 dxc3 31. d4 b4 32. a3 a5 33. axb4 axb4 34.
h3 Rd2 35. Rf4 c2 0-1

[Event "XXXV Festival Conca della Presolana Magistrale"]
[Site "Castione della Presolana ITA"]
[Date "2015.08.30"]
[Round "9"]
[White "Ventura, Salvatore"]
[Black "Franciosi, Fausto"]
[WhiteElo "2083"]
[BlackElo "2139"]
[Result "1/2-1/2"]
[PlyCount "120"]
[EventDate "2015.08.22"]

1. c4 Nf6 2. g3 g6 3. Bg2 Bg7 4. Nc3 O-O 5. e4 d6 6. Nge2 c5 7. O-O Nc6 8. d3
a6 9. h3 Rb8 10. a4 Ne8 11. Be3 Nc7 12. d4 cxd4 13. Nxd4 Ne6 14. Nde2 Nc5 15.
Rb1 Nb4 16. b3 Bd7 17. Nd5 Nxd5 18. exd5 Bf5 19. Rc1 Bb2 20. Bh6 Qb6 21. Bxf8
Rxf8 22. Qd2 Bxc1 23. Nxc1 a5 24. Re1 Re8 25. Re3 Qb4 26. Qxb4 axb4 27. Kf1 Kf8
28. Ke1 b6 29. Kd2 e6 30. g4 Bb1 31. f4 exd5 32. Rxe8+ Kxe8 33. Bxd5 h6 34. h4
Ke7 35. Bf3 Ke6 36. Bd1 g5 37. fxg5 hxg5 38. h5 f5 39. gxf5+ Kxf5 40. Ke3 Ne6
41. Ne2 Ke5 42. Nc1 Nd4 43. Nd3+ Bxd3 44. Kxd3 Nf5 45. Bf3 Nh6 46. Ke3 g4 47.
Be4 g3 48. Bd5 Nf5+ 49. Kf3 Nd4+ 50. Kxg3 Nxb3 51. h6 Kf6 52. Be4 Nc5 53. Bb1
Nxa4 54. Kf3 Nb2 55. Ba2 Nd1 56. Bb3 Nc3 57. Bc2 b5 58. cxb5 Nxb5 59. Ke3 d5
60. Bd3 Nc7 1/2-1/2